000
00201 a2200097 4500
001
48924
100
_a
GAF
245
_a
Pher Marshal la Aagia
260
_a
Lahore
_b
jang Pub
_c
090
_c
31816
_d
31816
942
_a
NUST-CAE
_c
M
_c
24243
999
_c
283997
_d
283997